| 000 | 00388nam a22001337a 4500 | ||
|---|---|---|---|
| 082 |
_a658 _bJUC _cL-17, P-18 |
||
| 100 |
_aJucius, Michael J. _944659 |
||
| 245 |
_aElements of managerial action / _cMichael J, Jucius |
||
| 260 |
_aTokyo : _bCharles E. Tuttle Company _c1960. |
||
| 300 | _axi, 439 p. : | ||
| 526 |
_a0 _b0 _c0 _d658_000000000000000_JUC |
||
| 650 |
_aMCE _9379 |
||
| 942 |
_2ddc _cBK |
||
| 999 |
_c548383 _d548383 |
||